| 000 | 00477cam a2200205ua 4500 | ||
|---|---|---|---|
| 020 | _c90.00 | ||
| 041 |
_aeng _h |
||
| 082 |
_a624.17 _bSAD/ST |
||
| 100 | _aSadhu, Singh . | ||
| 245 |
_aStrength of materials / _cSadhu Singh. _hTextual Documents |
||
| 250 |
_a5 / _b. |
||
| 260 |
_aDelhi : _bKhanna publishers , _c1992. |
||
| 300 | _a1136 ; . | ||
| 365 | _a90.00 | ||
| 500 | _a*CSS | ||
| 504 | _a | ||
| 942 | _cBK | ||
| 999 |
_c7402 _d7402 |
||